| 000 | 00767cam a22002411 4500 | ||
|---|---|---|---|
| 001 | 7349623 | ||
| 003 | ARRUPE | ||
| 005 | 20140402113037.0 | ||
| 008 | 820225s1932 enkcf 000 0 eng | ||
| 010 | _a 32024719 | ||
| 035 | _a(OCoLC)8193255 | ||
| 040 |
_aDLC _cViU _dDLC |
||
| 042 | _apremarc | ||
| 050 | 0 | 0 |
_aDT929.8.B4 _bF6 |
| 082 | _a923.3682 | ||
| 100 | 1 |
_aFort, George Seymour, _d1858- _99664 |
|
| 245 | 0 | 0 |
_aAlfred Beit, _ba study of the man and his work, _cby G. Seymour Fort. With a foreword by J. C. Smuts. |
| 260 |
_aLondon, _bNicholson & Watson, _c1932. |
||
| 300 |
_a221 p. _bplates, 2 port. (incl. front.) _c22 cm. |
||
| 600 | 1 | 0 |
_aBeit, Alfred, _d1853-1906. _99665 |
| 906 |
_a7 _bcbc _coclcrpl _du _encip _f19 _gy-gencatlg |
||
| 942 |
_2lcc _cREFERENCE |
||
| 999 |
_c120344 _d120344 |
||